000 00862nam a2200229 a 4500
001 000034838
005 20200930073932.0
008 111020s1965 ag 000 0 spa d
040 _aDO-SdBNP
_bspa
_cBNPHU
082 _axxx
_bW215d
100 1 _aWallon, Henri
_960363
240 1 0 _aDe l' acte á la pensée : Essai de psychologie comparée
_lEspañol
245 1 0 _aDel acto al pensamiento :
_bEnsayo de psicología comparada /
_cHenri Wallon ; estudio preliminar y prólogo Antonio Caparros ; traducción Elena Dukelsky.
250 _a3a ed.
260 _aArgentina :
_bLautara,
_c1965.
300 _a208 p. ;
_c21 cm.
490 1 _aBiblioteca ciencia del hombre
700 1 _aCaparros, Antonio,
_epról.
_960364
700 1 _aDukelsky, Elena,
_etr.
_960365
830 0 _aBiblioteca ciencia del hombre
_960366
830 0 _aBiblioteca ciencia del hombre
_960366
999 _c34329
_d34329